Normal view
MARC view
Entry Personal Name
001 - CONTROL NUMBER
- control field: 35906
003 - CONTROL NUMBER IDENTIFIER
- control field: dpl
005 - DATE AND TIME OF LATEST TRANSACTION
- control field: 20111117141712.0
008 - FIXED-LENGTH DATA ELEMENTS
- fixed length control field: 111117|||a|||||| | ||| d
040 ## - CATALOGING SOURCE
- Original cataloging agency: dpl
- Transcribing agency: dpl
100 ## - HEADING--PERSONAL NAME
- Personal name: खैरमोडे,चांगदेव भवानराव
670 ## - SOURCE DATA FOUND
- Source citation: Work cat.: (dpl): 35655 आंबेडकर,बाबासाहेब, शूद्र पूर्वी कोण होते /, 2011
670 ## - SOURCE DATA FOUND
- Source citation: Work cat.: (dpl): 35655 आंबेडकर,बाबासाहेब, शूद्र पूर्वी कोण होते /, 2011
